书目信息 |
| 题名: |
食品标准与法规
|
|
| 作者: | 周才琼 , 张平平 主编 | |
| 分册: | ||
| 出版信息: | 北京 中国农业大学出版社 2017.01 |
|
| 页数: | 285页 | |
| 开本: | 26cm | |
| 丛书名: | ||
| 单 册: | ||
| 中图分类: | TS207.2 , D922.161 | |
| 科图分类: | ||
| 主题词: | 食品标准--shi pin biao zhun--中国--高等教育--教材 , 食品卫生法--shi pin wei sheng fa--中国--高等教育--教材 | |
| 电子资源: | ||
| ISBN: | 978-7-5655-1713-6 | |
| 000 | 01133nam0 2200313 450 | |
| 001 | 2030200112 | |
| 005 | 20201201084235.64 | |
| 010 | @a978-7-5655-1713-6@dCNY49.00 | |
| 100 | @a20181129e20192017em y0chiy50 ea | |
| 101 | 0 | @achi |
| 102 | @aCN@b110000 | |
| 105 | @ay z 000yy | |
| 106 | @ar | |
| 200 | 1 | @a食品标准与法规@9shi pin biao zhun yu fa gui@f周才琼, 张平平主编 |
| 205 | @a2版 | |
| 210 | @a北京@c中国农业大学出版社@d2017.01@h2019.11 | |
| 215 | @a285页@d26cm | |
| 300 | @a普通高等教育“十三五”规划教材 | |
| 312 | @a封面英文题名:Food standards and codes | |
| 330 | @a本书内容包括:食品法律法规基础知识、中国食品法律法规、国际与部分国家的食品安全管理机构和法律法规、食品标准化基础知识与标准编写、我国的食品标准等。 | |
| 510 | 0 | @aFood standards and codes@zeng |
| 606 | 0 | @a食品标准@9shi pin biao zhun@y中国@x高等教育@j教材 |
| 606 | 0 | @a食品卫生法@9shi pin wei sheng fa@y中国@x高等教育@j教材 |
| 690 | @aTS207.2@v5 | |
| 690 | @aD922.161@v5 | |
| 701 | 0 | @a周才琼@9zhou cai qiong@4主编 |
| 701 | 0 | @a张平平@9zhang ping ping@4主编 |
| 801 | 0 | @aCN@bBJSZM@c20201201 |
| 905 | @b1246945-6@dTS207.2@e366=2@f2 | |
| 食品标准与法规/周才琼, 张平平主编.-2版.-北京:中国农业大学出版社,2017.01(2019.11) |
| 285页;26cm |
| 普通高等教育“十三五”规划教材.-←并列题名:Food standards and codes |
| ISBN 978-7-5655-1713-6:CNY49.00 |
| 本书内容包括:食品法律法规基础知识、中国食品法律法规、国际与部分国家的食品安全管理机构和法律法规、食品标准化基础知识与标准编写、我国的食品标准等。 |
| ● |
| 相关链接 |
|
|
|
|
正题名:食品标准与法规
索取号:TS207.2/366=2
 
预约/预借
| 序号 | 登录号 | 条形码 | 馆藏地/架位号 | 状态 | 备注 |
| 1 | 1246945 | 212469452 | 第二样本阅览室/ [索取号:TS207.2/366=2] | 在馆 | |
| 2 | 1246946 | 212469461 | 第三借阅区/ [索取号:TS207.2/366=2] | 在馆 |